[Event "Titled Tuesday intern op 31st Aug"]
[Site "Chess.com INT"]
[Date "2021.08.31"]
[Round "4"]
[White "Chjumachenko, Andrey"]
[Black "Hernandez Jimenez, Alexander Andres"]
[Result "1-0"]
[WhiteElo "2327"]
[BlackElo "2169"]
[PlyCount "83"]
[EventDate "2021.08.31"]
[EventType "swiss (blitz)"]
[EventRounds "11"]
[EventCountry "USA"]
[SourceTitle "EXT 2022"]
[Source "ChessBase"]
[SourceDate "2021.10.06"]
[SourceVersion "1"]
[SourceVersionDate "2021.10.06"]
[SourceQuality "1"]

1. d4 Nf6 2. c4 e6 3. Nf3 Bb4+ 4. Bd2 Qe7 5. Nc3 d6 6. g3 Nbd7 7. Bg2 0-0 8. 0-0 e5 9. Bg5 Bxc3 10. bxc3 h6 11. Bc1 e4 12. Nh4 Nb6 13. c5 dxc5 14. Ba3 Nfd7 15. Nf5 Qe6 16. Ne3 cxd4 17. cxd4 Re8 18. d5 Qg6 19. Rc1 c6 20. dxc6 bxc6 21. Qc2 Nd5 22. Nc4 Ba6 23. Nd6 Re6 24. Bxe4 Qh5 25. Bh7+ Kh8 26. Bd3 Bxd3 27. Qxd3 Rxe2 28. Nxf7+ Kg8 29. Nd6 Ne5 30. Qf5 Nf3+ 31. Kg2 Qxh2+ 32. Kxf3 Rf8 33. Qxf8+ Kxf8 34. Kxe2 Qh5+ 35. f3 Qe5+ 36. Ne4+ Kg8 37. Rxc6 Qd4 38. Bc1 Qa4 39. Rc5 Qa6+ 40. Kf2 Qxa2+ 41. Bd2 Nb6 42. Rfc1 1-0

[Event "Titled Tuesday intern op 31st Aug"]
[Site "Chess.com INT"]
[Date "2021.08.31"]
[Round "3"]
[White "Doluweera, Minul Sanjula"]
[Black "Chjumachenko, Andrey"]
[Result "0-1"]
[WhiteElo "2129"]
[BlackElo "2327"]
[PlyCount "96"]
[EventDate "2021.08.31"]
[EventType "swiss (blitz)"]
[EventRounds "11"]
[EventCountry "USA"]
[SourceTitle "EXT 2022"]
[Source "ChessBase"]
[SourceDate "2021.10.06"]
[SourceVersion "1"]
[SourceVersionDate "2021.10.06"]
[SourceQuality "1"]

1. d4 Nf6 2. c4 g6 3. Nc3 d5 4. Bg5 Ne4 5. Bf4 Nxc3 6. bxc3 dxc4 7. e3 c5 8. Bxc4 cxd4 9. cxd4 Qa5+ 10. Qd2 Qxd2+ 11. Kxd2 Nc6 12. Nf3 Bg7 13. Rhc1 0-0 14. h3 Na5 15. Bd3 b6 16. Rc2 Bb7 17. Rac1 Rac8 18. Bc7 Bd5 19. Ke2 Bb7 20. Bb5 Be4 21. Rc3 Bb7 22. Bd7 Ba6+ 23. Ke1 Ra8 24. Bg3 Rfd8 25. Rc7 Bc4 26. Ba4 Bxa2 27. Rxe7 Bf8 28. Rec7 Bb4+ 29. Kf1 Bb3 30. Bxb3 Nxb3 31. R1c4 Bd6 32. Bxd6 Rxd6 33. Rc3 Na5 34. Ne5 b5 35. Nxf7 Rb6 36. Nh6+ Kh8 37. Nf7+ Kg8 38. Nh6+ Kh8 39. d5 b4 40. Rc1 b3 41. Nf7+ Kg7 42. Ne5+ Kg8 43. d6 Rxd6 44. R7c5 b2 45. Rb1 Nb3 46. Rc2 Nd2+ 47. Rxd2 Rxd2 48. Nc4 Rc2 0-1

[Event "Titled Tuesday intern op 31st Aug"]
[Site "Chess.com INT"]
[Date "2021.08.31"]
[Round "1"]
[White "Grachev, Boris V"]
[Black "Chjumachenko, Andrey"]
[Result "1-0"]
[WhiteElo "2615"]
[BlackElo "2327"]
[PlyCount "57"]
[EventDate "2021.08.31"]
[EventType "swiss (blitz)"]
[EventRounds "11"]
[EventCountry "USA"]
[SourceTitle "EXT 2022"]
[Source "ChessBase"]
[SourceDate "2021.10.06"]
[SourceVersion "1"]
[SourceVersionDate "2021.10.06"]
[SourceQuality "1"]

1. d4 Nf6 2. Bf4 d6 3. e3 Nbd7 4. Nf3 g6 5. h3 Bg7 6. Bh2 0-0 7. Be2 Re8 8. 0-0 e5 9. c4 c6 10. Nc3 e4 11. Nd2 d5 12. cxd5 cxd5 13. Nb5 Nf8 14. Nc7 Bd7 15. Rc1 Rc8 16. Nxe8 Nxe8 17. Rxc8 Qxc8 18. Qc1 Bc6 19. Qc5 b6 20. Qc3 Qb7 21. Rc1 Bd7 22. Qa3 Ne6 23. Ba6 Qa8 24. Qe7 Nf6 25. Be5 Qd8 26. Qxd8+ Nxd8 27. Rc7 Be6 28. Rxa7 Nd7 29. Ra8 1-0

[Event "PRO League Stage"]
[Site "Chess.com INT"]
[Date "2018.02.28"]
[Round "8"]
[White "Chjumachenko, Andrey"]
[Black "Naroditsky, Daniel"]
[Result "0-1"]
[WhiteElo "2327"]
[BlackElo "2619"]
[PlyCount "70"]
[EventDate "2018.01.18"]
[EventType "team-swiss (rapid)"]
[EventRounds "9"]
[EventCountry "USA"]
[SourceTitle "EXT 2019"]
[Source "ChessBase"]
[SourceDate "2018.10.10"]
[SourceVersion "1"]
[SourceVersionDate "2018.10.10"]
[SourceQuality "1"]
[WhiteTeam "Seattle Sluggers"]
[BlackTeam "San Jose Hackers"]
[WhiteTeamCountry "USA"]
[BlackTeamCountry "USA"]

1. d4 Nf6 2. c4 g6 3. Nc3 Bg7 4. e4 d6 5. Be2 0-0 6. Bg5 Na6 7. Qd2 e5 8. d5 Nc5 9. f3 a5 10. 0-0-0 a4 11. g4 c6 12. h4 cxd5 13. Nxd5 Be6 14. Nxf6+ Bxf6 15. Bxf6 Qxf6 16. Qg5 Qxg5+ 17. hxg5 b5 18. Rd2 a3 19. Bd1 Bxc4 20. b3 Bxb3 21. Rdh2 Rfc8 22. Bxb3 Nxb3+ 23. Kd1 Rc1+ 24. Ke2 Rc2+ 25. Ke3 Rac8 26. Rxc2 Rxc2 27. axb3 Rc1 28. Rh2 Rxg1 29. b4 Ra1 30. Rd2 a2 31. Kd3 Kg7 32. f4 exf4 33. e5 dxe5 34. Rh2 Rd1+ 35. Ke4 a1Q 0-1

[Event "PRO League Stage"]
[Site "Chess.com INT"]
[Date "2018.02.28"]
[Round "8"]
[White "Chjumachenko, Andrey"]
[Black "Wheeler, Cameron"]
[Result "1/2-1/2"]
[WhiteElo "2327"]
[BlackElo "2392"]
[PlyCount "127"]
[EventDate "2018.01.18"]
[EventType "team-swiss (rapid)"]
[EventRounds "9"]
[EventCountry "USA"]
[SourceTitle "EXT 2019"]
[Source "ChessBase"]
[SourceDate "2018.10.10"]
[SourceVersion "1"]
[SourceVersionDate "2018.10.10"]
[SourceQuality "1"]
[WhiteTeam "Seattle Sluggers"]
[BlackTeam "San Jose Hackers"]
[WhiteTeamCountry "USA"]
[BlackTeamCountry "USA"]

1. d4 Nf6 2. c4 e6 3. Nf3 c5 4. d5 b5 5. dxe6 fxe6 6. Nbd2 bxc4 7. Nxc4 d5 8. Nce5 Bd6 9. Qa4+ Bd7 10. Nxd7 Qxd7 11. Qxd7+ Nbxd7 12. g3 Ke7 13. Bh3 h6 14. Nh4 Kf7 15. f4 Ne4 16. Nf3 Rab8 17. 0-0 Rb6 18. b3 Rhb8 19. Bb2 g6 20. Ne5+ Bxe5 21. fxe5+ Ke7 22. Bg2 Ng5 23. Rac1 Ra6 24. Ra1 Nf7 25. Rfc1 d4 26. e3 Nfxe5 27. exd4 Nd3 28. Rc2 Nxb2 29. Rxb2 cxd4 30. Re1 e5 31. Bd5 Rf8 32. Bc4 Raf6 33. Bb5 Rf5 34. Rbe2 Nc5 35. Rxe5+ Rxe5 36. Rxe5+ Kd6 37. Re2 Rf3 38. b4 Ne6 39. Bc4 Ng5 40. h4 Rxg3+ 41. Kf2 Rf3+ 42. Kg2 d3 43. Rd2 Rf4 44. hxg5 Rxc4 45. Rxd3+ Ke5 46. gxh6 Rc8 47. h7 Rh8 48. Rh3 Kf6 49. Kf3 Kg7 50. b5 Rf8+ 51. Ke4 Kh8 52. a4 g5 53. Kd5 Rf4 54. a5 g4 55. Rg3 Kxh7 56. b6 axb6 57. axb6 Rb4 58. Kc6 Kg6 59. b7 Kg5 60. Rc3 Kh4 61. Kc7 g3 62. Rxg3 Kxg3 63. b8Q Rxb8 64. Kxb8 1/2-1/2

[Event "PRO League Stage"]
[Site "Chess.com INT"]
[Date "2017.02.15"]
[Round "6"]
[White "Chjumachenko, Andrey"]
[Black "Petesch, Gabriel N"]
[Result "1-0"]
[WhiteElo "2327"]
[BlackElo "2260"]
[PlyCount "99"]
[EventDate "2017.01.11"]
[EventType "team-swiss (rapid)"]
[EventRounds "7"]
[EventCountry "USA"]
[SourceTitle "CBM 176 Extra"]
[Source "ChessBase"]
[SourceDate "2017.03.02"]
[SourceVersion "1"]
[SourceVersionDate "2017.03.02"]
[SourceQuality "1"]
[WhiteTeam "Portland Rain"]
[BlackTeam "Pittsburgh Pawngrabbers"]
[WhiteTeamCountry "USA"]
[BlackTeamCountry "USA"]

1. d4 d5 2. Nf3 Nf6 3. c4 dxc4 4. Nc3 c6 5. a4 Bf5 6. Nh4 Bg6 7. Nxg6 hxg6 8. e4 e5 9. Be3 Bb4 10. Bxc4 0-0 11. dxe5 Bxc3+ 12. bxc3 Qa5 13. Qd4 c5 14. Qd3 Nc6 15. f4 Rad8 16. Qc2 Ng4 17. Bd2 Kh8 18. 0-0 Qc7 19. Rf3 Rfe8 20. Rh3+ Kg8 21. Rg3 Nh6 22. Be3 Na5 23. Bd5 Nc6 24. Qa2 Kh7 25. Rf1 b6 26. Rh3 Rd7 27. Qf2 Kg8 28. Qg3 Ne7 29. e6 Rxd5 30. exd5 Nxd5 31. Qf3 fxe6 32. c4 Nf6 33. f5 Nxf5 34. Bf4 e5 35. Bg5 e4 36. Qf4 Qd7 37. Bxf6 gxf6 38. g4 Qd4+ 39. Kh1 Ng7 40. Qxf6 Qxf6 41. Rxf6 e3 42. Rf1 Re4 43. Re1 Rxg4 44. Rhxe3 Rxc4 45. Re7 Rxa4 46. Rb7 Kf8 47. Ree7 Nf5 48. Rf7+ Kg8 49. Rfd7 Rd4 50. Rb8# 1-0

[Event "PRO League Stage"]
[Site "Chess.com INT"]
[Date "2017.02.15"]
[Round "6"]
[White "Chjumachenko, Andrey"]
[Black "Xu, Grant"]
[Result "1-0"]
[WhiteElo "2327"]
[BlackElo "2193"]
[PlyCount "63"]
[EventDate "2017.01.11"]
[EventType "team-swiss (rapid)"]
[EventRounds "7"]
[EventCountry "USA"]
[SourceTitle "CBM 176 Extra"]
[Source "ChessBase"]
[SourceDate "2017.03.02"]
[SourceVersion "1"]
[SourceVersionDate "2017.03.02"]
[SourceQuality "1"]
[WhiteTeam "Portland Rain"]
[BlackTeam "Pittsburgh Pawngrabbers"]
[WhiteTeamCountry "USA"]
[BlackTeamCountry "USA"]

1. d4 Nf6 2. c4 e6 3. Nf3 b6 4. a3 Ba6 5. Qc2 c5 6. d5 exd5 7. cxd5 d6 8. Nc3 Nbd7 9. g3 b5 10. Bg2 Qb6 11. 0-0 Be7 12. b4 Bb7 13. bxc5 Nxc5 14. Nd4 Rc8 15. Rb1 a6 16. Nc6 Qc7 17. a4 bxa4 18. Nxa4 Nxd5 19. Nxc5 Bxc6 20. Nxa6 Qa5 21. Nb8 Bb7 22. Qb3 Ba8 23. Rd1 Nc3 24. Bd2 Nxe2+ 25. Kf1 Bxg2+ 26. Kxg2 Qa8+ 27. Qf3 Rxb8 28. Rxb8+ Qxb8 29. Qc6+ Kf8 30. Ra1 Qe8 31. Ra8 Bd8 32. Qxd6+ 1-0

[Event "PRO League Stage"]
[Site "Chess.com INT"]
[Date "2017.02.11"]
[Round "5"]
[White "Svicevic, Rastko"]
[Black "Chjumachenko, Andrey"]
[Result "1-0"]
[WhiteElo "2189"]
[BlackElo "2327"]
[PlyCount "80"]
[EventDate "2017.01.11"]
[EventType "team-swiss (rapid)"]
[EventRounds "7"]
[EventCountry "USA"]
[SourceTitle "CBM 176 Extra"]
[Source "ChessBase"]
[SourceDate "2017.03.02"]
[SourceVersion "1"]
[SourceVersionDate "2017.03.02"]
[SourceQuality "1"]
[WhiteTeam "Belgrade Sparrows"]
[BlackTeam "Portland Rain"]
[WhiteTeamCountry "SRB"]
[BlackTeamCountry "USA"]

1. d4 Nf6 2. Bg5 Ne4 3. Bf4 d5 4. e3 g6 5. f3 Nf6 6. c4 Bg7 7. Nc3 0-0 8. g4 c5 9. dxc5 Be6 10. Nge2 Nc6 11. g5 Nh5 12. cxd5 Nb4 13. e4 Nxf4 14. Nxf4 Be5 15. Nd3 Nxd3+ 16. Qxd3 Bd7 17. b4 a5 18. f4 Bg7 19. b5 Bxb5 20. Qe3 Bxf1 21. Rxf1 a4 22. Rb1 Qa5 23. Rf3 Rac8 24. e5 Rxc5 25. Kf2 Rfc8 26. Ne4 Rc2+ 27. Kg3 Qxd5 28. Rb4 Qxa2 29. Nf2 Rb2 30. Rd4 f6 31. gxf6 exf6 32. e6 Rbc2 33. e7 Re8 34. Rd8 Qf7 35. Rxe8+ Qxe8 36. Qe6+ Kh8 37. Rd3 Bf8 38. Rd8 Rc3+ 39. Kg2 Qc6+ 40. Qxc6 Kg7 1-0